Catálogo
 En Linea

Gobierno y comunicación soacial / (Registro nro. 25991)

Detalles MARC
000 -CABECERA
campo de control de longitud fija 00846nam a2200205 a 4500
001 - NÚMERO DE CONTROL
campo de control 000026499
005 - FECHA Y HORA DE LA ÚLTIMA TRANSACCIÓN
campo de control 20200930030244.0
008 - DATOS DE LONGITUD FIJA--INFORMACIÓN GENERAL
campo de control de longitud fija 110322s2002 mx r 000 0 spa d
020 ## - NÚMERO INTERNACIONAL ESTÁNDAR DEL LIBRO
Número Internacional Estándar del Libro 9701885015
040 ## - FUENTE DE LA CATALOGACIÓN
Centro catalogador/agencia de origen DO-SdBNP
Lengua de catalogación spa
Centro/agencia transcriptor BNPHU
082 ## - NÚMERO DE LA CLASIFICACIÓN DECIMAL DEWEY
Número de clasificación xxx
Número de documento/Ítem M722g
049 ## - FONDOS LOCALES (OCLC)
Fondos de biblioteca BNGR
100 1# - ENTRADA PRINCIPAL--NOMBRE DE PERSONA
Nombre de persona Molina Martínez, Rubén
9 (RLIN) 53569
245 10 - MENCIÓN DE TÍTULO
Título Gobierno y comunicación soacial /
Mención de responsabilidad, etc. Rubén Molina Martínez ; prólogo Humberto Luis Valdivia.
260 ## - PUBLICACIÓN, DISTRIBUCIÓN, ETC.
Lugar de publicación, distribución, etc. México, D. F. :
Nombre del editor, distribuidor, etc. Instituto Politécnico Nacional,
Fecha de publicación, distribución, etc. 2002.
300 ## - DESCRIPCIÓN FÍSICA
Extensión 187, [1] p. ;
Dimensiones 21 cm.
504 ## - NOTA DE BIBLIOGRAFÍA, ETC.
Nota de bibliografía, etc. Incluye bibliografía (p. 175-187)
505 0# - NOTA DE CONTENIDO CON FORMATO
Nota de contenido con formato Comunicación -- Medios de comunicación -- Credibilidad de la sociedad en la acción de gobernar -- Alcances y limitaciones en lo interno y en lo externo -- Consideraciones finales
700 1# - PUNTO DE ACCESO ADICIONAL--NOMBRE DE PERSONA
Nombre de persona Valdivia, Humberto Luis
Término indicativo de función/relación pról.
9 (RLIN) 53570
Existencias
Estado de retiro Estado de pérdida Restricciones de uso No para préstamo Código de colección Localización permanente Ubicación/localización actual Ubicación en estantería Fecha de adquisición Número de inventario Total de préstamos Signatura topográfica completa Código de barras Fecha visto por última vez Precio válido a partir de Tipo de ítem Koha
        Monografías: Libros y Folletos General General En catalogación 22.03.2011 LF1   xxx M722g 26499-10 25.06.2020 25.06.2020 Préstamo en sala

Con tecnología Koha